Central Library OPAC University of Rajshahi

Genetics and evolution, selected papers of A. H. Sturtevant / (Record no. 20244)

MARC details
000 -LEADER
fixed length control field 00878cam a22002651 4500
001 - CONTROL NUMBER
control field 20244
003 - CONTROL NUMBER IDENTIFIER
rucl marc code BD-RjUL
005 - DATE AND TIME OF LATEST TRANSACTION
control field 20211209000535.0
008 - FIXED-LENGTH DATA ELEMENTS--GENERAL INFORMATION
fixed length control field 140227s1961 caua b 001 0 eng
035 ## - SYSTEM CONTROL NUMBER
System control number (BD-RjUL)20306
040 ## - CATALOGING SOURCE
Original cataloging agency DLC
Transcribing agency DLC
Modifying agency DLC
-- BD-RjUL
Language of cataloging eng
041 ## - LANGUAGE CODE
Language code of text/sound track or separate title eng
082 00 - DEWEY DECIMAL CLASSIFICATION NUMBER
Classification number 575.1
Author mark and year STG 1961
100 1# - MAIN ENTRY--PERSONAL NAME
Personal name Sturtevant, A. H.
Fuller form of name (Alfred Henry),
Dates associated with a name 1891-1970.
9 (RLIN) 38286
245 10 - TITLE STATEMENT
Title Genetics and evolution, selected papers of A. H. Sturtevant /
Statement of responsibility, etc. Selected and edited by E. B. Lewis. With a foreword by G. W. Beadle.
260 ## - PUBLICATION, DISTRIBUTION, ETC. (IMPRINT)
Place of publication, distribution, etc. San Francisco :
Name of publisher, distributor, etc. W. H. Freeman,
Date of publication, distribution, etc. c1961.
300 ## - PHYSICAL DESCRIPTION
Pagination x, 334 p. :
Illustrations illus. ;
Size 25 cm.
504 ## - BIBLIOGRAPHY, ETC. NOTE
Bibliography, etc Includes bibliography and index.
650 #0 - SUBJECT ADDED ENTRY--TOPICAL TERM
Topical term or geographic name as entry element Genetics.
9 (RLIN) 62400
Topical term or geographic name as entry element Evolution (Biology)
9 (RLIN) 62401
700 1# - ADDED ENTRY--PERSONAL NAME
Personal name Lewis, Edward B.,
Dates associated with a name 1918-2004.
942 ## - ADDED ENTRY ELEMENTS (KOHA)
Source of classification or shelving scheme Dewey Decimal Classification
Koha item type Books
Holdings
Lost status Source of classification or shelving scheme Damaged status Not for loan Collection code Permanent Location Current Location Shelving location Date acquired Source of acquisition Cost, normal purchase price Total Checkouts Full call number Date last seen Copy number Koha item type
  Dewey Decimal Classification   Not For Loan Non-fiction Central Library, University of Rajshahi Central Library, University of Rajshahi Reading Room 09/12/1963 Paramount book stall 32.50   575.1 STG 1961 27/02/2014 C-1 Books